000 00540nam a2200205 a 4500
005 20210219151948.0
008 991125 [me 000 0 spa u
035 _aUPN01000044202
049 _aSEP
050 4 _aTP990 O7.6
100 1 _aOrtíz, Francisco M.
245 1 0 _aPequeñas industrias :
_bprogramas /
_cFrancisco M. Ortíz
260 _a[México :
_bSEP
300 _a8 h.
650 4 _aFRUTAS-
_xPRESERVACION
650 4 _aHORTALIZAS-
_xPRESERVACION
650 4 _aJABON-
_xCOMERCIO
904 _aAC
_b044204
905 _aLibro
999 _c44202
_d44202